| 000 | 00648nam a2200217Ia 4500 | ||
|---|---|---|---|
| 005 | 20260429112257.0 | ||
| 008 | 260429s9999||||xx |||||||||||||| ||und|| | ||
| 020 | _a9788197951688 | ||
| 041 | _aEnglish | ||
| 082 |
_a891.431 _bKAU |
||
| 100 | _aKaushik, Prashant | ||
| 245 | 0 |
_aEcological and Societal Diversity in the Epic Padmaavat / _cPrashant Kaushik |
|
| 260 |
_aNew Delhi : _bToday & Tomorrow's Printers and Publishers, _c2025. |
||
| 300 | _a348 p.; hb | ||
| 650 | _a Ecology in literature | ||
| 650 | _a Indian epic studies | ||
| 650 | _a Literary criticism | ||
| 650 | _aPadmaavat | ||
| 700 | _a Kaushik, Purshotam | ||
| 942 | _cTB | ||
| 999 |
_c53272 _d53272 |
||